| 000 | 00501nam a22001337a 4500 | ||
|---|---|---|---|
| 999 |
_c25406 _d25406 |
||
| 020 | _a9788170008071 | ||
| 082 |
_a025.284 _bELE |
||
| 245 |
_aElectronic resource management in libraries _b: trends, issues and challenges |
||
| 260 |
_aNew Delhi _bEss Ess Publications _c2016 |
||
| 300 | _axiv, 384p. | ||
| 650 |
_aInformation Communication Technology (ICT) _vManagement Libraries _vDigital libraries _vSpecial collections _vElectronic information resources |
||
| 700 | _aGunjal, Bhojaraju | ||
| 942 |
_2ddc _cBK |
||